000 00890nam a2200229Ii 4500
003 JO-AjNU
008 230605s9999||||xx |||||||||||||| ||und||
017 _a2007/4/886
020 _a978-9957-02-268-0
040 _aJO-AjNU
_bara
_erda
_cJO-AjNU
041 _aara
050 1 4 _aG108.A7.Z37.2007
100 3 _aتأليف الزقرطي، إبراهيم موسى ؛ م.مشارك، هاني عبدالرحيم العزيزي,
_eauthor
_910988
245 0 0 _aمعجم المصطلحات والمفاهيم الجغرافية 
250 _aط1
264 3 1 _aعمان: دار مجدلاوي، 2007
300 _a246ص
_bيشتمل على المصادروالمراجع الببلوغرافية ص(245-246)
336 _atext
_btxt
_2rdacontent
337 _aunmediated
_bn
_2rdamedia
338 _avolume
_bnc
_2rdacarrier
650 4 _aالجغرافيا -- معجم مصطلحات
_910989
999 _aA2091
_c5659
_d5659